[Event "Elancourt op 10th"]
[Site "Elancourt"]
[Date "2007.04.20"]
[Round "8"]
[White "Gaudin, Bruno"]
[Black "Rouze, Frederic"]
[Result "1/2-1/2"]
[WhiteElo "1843"]
[BlackElo "1790"]
[PlyCount "27"]
[EventDate "2007.04.14"]
[EventType "swiss"]
[EventRounds "9"]
[EventCountry "FRA"]
[SourceTitle "CBM 118 Extra"]
[Source "ChessBase"]
[SourceDate "2007.07.04"]
[SourceVersion "1"]
[SourceVersionDate "2007.07.04"]
[SourceQuality "1"]

1. d4 Nf6 2. Nf3 g6 3. g3 Bg7 4. Bg2 0-0 5. 0-0 d5 6. c4 dxc4 7. Na3 c6 8. Nxc4 Nbd7 9. Re1 Ne4 10. Bf4 Ndf6 11. Nfe5 Be6 12. Be3 b5 13. Nxc6 Qe8 14. N4e5 1/2-1/2